000 00465nam a2200205Ia 4500
008 210210b1957 xxu||||| |||| 00| 0 eng d
041 _aeng
082 _a828/602
100 _aSTANDING (E M)
245 _aMaria montessori: her life and work
260 _aLondon
_bHollis and Carter
_c1957
650 _awork
650 _amontessori:
650 _aMaria
650 _alife
650 _aher
650 _aand
690 _aBiography
906 _a016447
999 _c135976
_d135976